Técnicas para elaborar material gráfico en la escuela (Record no. 2370)

MARC details
000 -LEADER
campo de control de longitud fija 00856nmc a2200241 a 4500
003 - IDENTIFICADOR DE NÚMERO DE CONTROL
campo de control AR-BaBNM
005 - FECHA Y HORA DE LA ÚLTIMA TRANSACCIÓN
campo de control 20251128203213.0
008 - DATOS DE LONGITUD FIJA--INFORMACIÓN GENERAL
campo de control de longitud fija 291020s1971 ||||||||||||||000 | spa||
040 ## - FUENTE DE CATALOGACIÓN
Centro/agencia transcriptor AR-BaBNM
100 1# - ENTRADA PRINCIPAL--NOMBRE DE PERSONA
Nombre de persona Smith, Richard E.
245 10 - MENCIÓN DEL TÍTULO
Título Técnicas para elaborar material gráfico en la escuela
260 ## - PUBLICACIÓN, DISTRIBUCIÓN, ETC.
Lugar de publicación, distribución, etc. México, D.F.
Nombre del editor, distribuidor, etc. Centro Regional de Ayuda Técnica. Agencia para el Desarrollo Internacional
Fecha de publicación, distribución, etc. 1971
300 0# - DESCRIPCIÓN FÍSICA
Extensión 42 p.
Otros detalles físicos il., gráf.
490 #0 - MENCIÓN DE SERIE
Mención de serie Materiales audiovisuales : guías para el maestro
500 0# - NOTA GENERAL
Nota general Contiene apéndice con fuentes y proveedores de equipos y materiales y referencias bibliográficas
650 #4 - PUNTO DE ACCESO ADICIONAL DE MATERIA--TÉRMINO DE MATERIA
Término de materia o nombre geográfico como elemento de entrada TECNOLOGIA EDUCATIVA
650 #4 - PUNTO DE ACCESO ADICIONAL DE MATERIA--TÉRMINO DE MATERIA
Término de materia o nombre geográfico como elemento de entrada MATERIALES DE ENSENANZA
650 #4 - PUNTO DE ACCESO ADICIONAL DE MATERIA--TÉRMINO DE MATERIA
Término de materia o nombre geográfico como elemento de entrada PREPARACION DE MATERIAL DIDACTICO
650 #4 - PUNTO DE ACCESO ADICIONAL DE MATERIA--TÉRMINO DE MATERIA
Término de materia o nombre geográfico como elemento de entrada GRAFICOS
700 1# - ENTRADA AGREGADA--NOMBRE PERSONAL
Nombre de persona Winkler, Max Karl
Término indicativo de función/relación ilustrador
942 ## - ELEMENTOS DE ENTRADA SECUNDARIOS (KOHA)
Tipo de ítem Koha Libros
998 ## - INFORMACIÓN DE CONTROL LOCAL (RLIN)
Iniciales del catalogador, CIN (RLIN) RAQUEL
Holdings
Estatus retirado Estado de pérdida Fuente de la clasificación o esquema de estantería Estado de daño Restricciones de uso No para préstamo Biblioteca de origen Biblioteca actual Fecha de adquisición Total de préstamos Signatura topográfica completa Código de barras Visto por última vez Precio de reemplazo Tipo de ítem Koha
    Clasificación Decimal Dewey   Acceso restringido No para préstamo Liberty Liberty 28/11/2025   371.68 SMIT 043424 28/11/2025 28/11/2025 Libros